LIBRARY & INFORMATION CENTRE, KCAET, TAVANUR

ONLINE PUBLIC ACCESS CATALOGUE (OPAC)

Premavum thyagavum / (Record no. 12595)

MARC details
000 -LEADER
fixed length control field 00464cam a2200181ua 4500
041 ## - LANGUAGE CODE
Language code of text/sound track or separate title mal
082 ## - DEWEY DECIMAL CLASSIFICATION NUMBER
Classification number 894.812301
Item number BHA/PR
100 ## - MAIN ENTRY--AUTHOR NAME
Personal name Bhasi, Thoppil.
245 ## - TITLE STATEMENT
Title Premavum thyagavum /
250 ## - EDITION STATEMENT
Edition statement 1 /
260 ## - PUBLICATION, DISTRIBUTION, ETC. (IMPRINT)
Place of publication Kottayam :
Name of publisher Prabhatham printing and publishing co. pvt. ltd. ,
Year of publication 1960.
300 ## - PHYSICAL DESCRIPTION
Number of Pages 103 ; .
942 ## - ADDED ENTRY ELEMENTS (KOHA)
Koha item type Books
Holdings
Withdrawn status Lost status Damaged status Home library Current library Date acquired Cost, normal purchase price Full call number Accession Number Koha item type
Withdrawn     KAUAET KAUAET 07/04/2012 1.50 894.812301 197 Books
Withdrawn     KAUAET KAUAET 16/01/2021   894.812301 BHA/PR 1485 Books
free website counter